Catálogo
 En Linea

Tomás Gutiérrez Alea. / (Registro nro. 42027)

Detalles MARC
000 -CABECERA
campo de control de longitud fija 00702nam a2200205 a 4500
001 - NÚMERO DE CONTROL
campo de control 000042538
005 - FECHA Y HORA DE LA ÚLTIMA TRANSACCIÓN
campo de control 20201002040224.0
008 - DATOS DE LONGITUD FIJA--INFORMACIÓN GENERAL
campo de control de longitud fija 131211s1996 sp a 000 0 spa d
020 ## - NÚMERO INTERNACIONAL ESTÁNDAR DEL LIBRO
Número Internacional Estándar del Libro 8437614333
040 ## - FUENTE DE LA CATALOGACIÓN
Centro catalogador/agencia de origen DO-SdBNP
Lengua de catalogación spa
Centro/agencia transcriptor BNPHU
100 1# - ENTRADA PRINCIPAL--NOMBRE DE PERSONA
Nombre de persona Évora, José Antonio
9 (RLIN) 69764
245 10 - MENCIÓN DE TÍTULO
Título Tomás Gutiérrez Alea. /
Mención de responsabilidad, etc. José Antonio Évora.
260 ## - PUBLICACIÓN, DISTRIBUCIÓN, ETC.
Lugar de publicación, distribución, etc. Madrid, :
Nombre del editor, distribuidor, etc. Cátedra
-- Filmoteca Española,
Fecha de publicación, distribución, etc. 1996.
300 ## - DESCRIPCIÓN FÍSICA
Extensión 254 p. :
Otras características físicas il. ;
Dimensiones 18 cm.
490 1# - MENCIÓN DE SERIE
Mención de serie Signo e imagen,Cineastas Latinoamericanos
490 1# - MENCIÓN DE SERIE
Mención de serie Signo e imagen, Cineastas
Designación de volumen o secuencia 28
504 ## - NOTA DE BIBLIOGRAFÍA, ETC.
Nota de bibliografía, etc. Bibliografía p: 239-252
830 #0 - PUNTO DE ACCESO ADICIONAL DE SERIE-TÍTULO UNIFORME
Título uniforme Signo e imagen
Nombre de parte o sección de la obra Cineastas Latinoamericanos
9 (RLIN) 69765
830 #0 - PUNTO DE ACCESO ADICIONAL DE SERIE-TÍTULO UNIFORME
Título uniforme Signo e imagen
Nombre de parte o sección de la obra Cineastas
Designación de volumen o secuencia 28
9 (RLIN) 69766
Existencias
Estado de retiro Estado de pérdida Restricciones de uso No para préstamo Código de colección Localización permanente Ubicación/localización actual Ubicación en estantería Fecha de adquisición Número de inventario Total de préstamos Signatura topográfica completa Código de barras Fecha visto por última vez Precio válido a partir de Tipo de ítem Koha
      Excluido de préstamo Monografías: Libros y Folletos General General En catalogación 11.12.2013 LF1   42538-10 25.06.2020 25.06.2020 No se presta

Con tecnología Koha